Wood's unabridged rhyming dictionary

Tallennettuna:
Bibliografiset tiedot
Päätekijä: Clement Wood
Aineistotyyppi: Kirja
Kieli:Undetermined
Julkaistu: Cleveland World 1943
Aiheet:
Tagit: Lisää tagi
Ei tageja, Lisää ensimmäinen tagi!
Thư viện lưu trữ: Trung tâm Học liệu Trường Đại học Cần Thơ
LEADER 00476nam a2200181Ia 4500
001 CTU_26705
008 210402s9999 xx 000 0 und d
082 |a 803 
082 |b W879 
100 |a Clement Wood 
245 0 |a Wood's unabridged rhyming dictionary 
245 0 |c Clement Wood 
260 |a Cleveland 
260 |b World 
260 |c 1943 
650 |a literature - dictionaries 
904 |i Minh, 981017 
980 |a Trung tâm Học liệu Trường Đại học Cần Thơ